| 000 | 00435cam a2200157 i 4500 | ||
|---|---|---|---|
| 005 | 20260308093547.0 | ||
| 008 | 250721s1971 xno gr 000 0 eng d | ||
| 082 | 1 | 4 |
_a771.3 _bC A M |
| 110 | 2 |
_aTime-Life Books. _eEditors. |
|
| 245 | 1 | 4 |
_aThe Camera / _cTime-Life Books. |
| 264 | 3 | 1 |
_aNederland : _bTime life International, _c1971. |
| 300 | _a228 Page. | ||
| 650 | 1 | 7 | _aPhotography. |
| 942 |
_2ddc _cBK |
||
| 999 |
_c45606 _d45606 |
||